000 00559nam a2200193Ia 4500
003 BUBTL
008 151213s9999 xx 000 0 und d
082 _a677CHM
100 _a Charnley,Frank
_91166
245 _aManual of Cotton Spinning Drawframes, Combers And Speedframes
260 _aLondon
_bThe Textile Institute Butterwerth
_cc1964
300 _a[xiv],208p.
_bills.
_c21cm.
650 _aTextiles
650 _aTextiles
700 _a Charnley,Frank
_91167
856 _k0
_l0
_yDownload
942 _2ddc
_cBK
999 _c3962
_d3962